[Event "HUN-chT2 Charousek 1718"]
[Site "Hungary"]
[Date "2018.03.25"]
[Round "8.11"]
[White "Bator, Balazs"]
[Black "Gaal, Zsoka"]
[Result "0-1"]
[WhiteElo "1977"]
[BlackElo "1984"]
[PlyCount "63"]
[EventDate "2017.10.29"]
[EventType "team-tourn"]
[EventRounds "9"]
[EventCountry "HUN"]
[SourceTitle "EXT 2020"]
[Source "ChessBase"]
[SourceDate "2019.10.17"]
[SourceVersion "1"]
[SourceVersionDate "2019.10.17"]
[SourceQuality "1"]
[WhiteTeam "Komlo Banyasz"]
[BlackTeam "Tapolca Rockwool"]
[WhiteTeamCountry "HUN"]
[BlackTeamCountry "HUN"]

1. e4 Nf6 2. e5 Nd5 3. c4 Nb6 4. d4 d6 5. exd6 cxd6 6. Nf3 g6 7. Be3 Bg7 8. Nc3 0-0 9. Bd3 Bg4 10. h3 Bxf3 11. Qxf3 Nc6 12. d5 Ne5 13. Qe2 Rc8 14. Bxb6 Qxb6 15. Rd1 Nxd3+ 16. Rxd3 Rxc4 17. 0-0 Rc7 18. Re3 Bf6 19. Nb5 Rc5 20. Rb3 Qa6 21. Nc3 Qxe2 22. Nxe2 b6 23. Rd1 Rfc8 24. Rd2 Be5 25. f4 Bf6 26. Ng3 Rc2 27. Rxc2 Rxc2 28. Ra3 Bd4+ 29. Kh2 a5 30. b3 Bc5 31. Ra4 Bb4 32. a3 0-1

[Event "HUN-chT2 Asztalos 1617"]
[Site "Hungary"]
[Date "2016.10.30"]
[Round "3.5"]
[White "Arato, Bela"]
[Black "Bator, Balazs"]
[Result "1-0"]
[WhiteElo "2080"]
[BlackElo "1987"]
[PlyCount "101"]
[EventDate "2016.09.25"]
[EventType "team-tourn"]
[EventRounds "11"]
[EventCountry "HUN"]
[SourceTitle "EXT 2021"]
[Source "ChessBase"]
[SourceDate "2020.10.23"]
[SourceVersion "1"]
[SourceVersionDate "2020.10.23"]
[SourceQuality "1"]
[WhiteTeam "Baja"]
[BlackTeam "Komlo Banyasz II"]
[WhiteTeamCountry "HUN"]
[BlackTeamCountry "HUN"]

1. e4 c5 2. Nf3 Nc6 3. d4 cxd4 4. Nxd4 Nf6 5. Nc3 e5 6. Ndb5 d6 7. Bg5 a6 8. Na3 b5 9. Bxf6 gxf6 10. Nd5 Bg7 11. Bd3 Ne7 12. 0-0 Nxd5 13. exd5 f5 14. c3 e4 15. Be2 0-0 16. Nc2 Qg5 17. f4 Qh4 18. Qe1 Qxe1 19. Rfxe1 Bb7 20. Ne3 b4 21. Rec1 Bc8 22. Nc4 Rd8 23. cxb4 a5 24. b5 a4 25. Rab1 Bd4+ 26. Kf1 Bc5 27. Rc2 Bd7 28. b4 axb3 29. Rxb3 Rdb8 30. Rcb2 Kf8 31. a3 Ke7 32. Ke1 Rb7 33. Kd2 Rba7 34. Kc3 Bxa3 35. Nxa3 Rxa3 36. b6 Rxb3+ 37. Rxb3 Rb8 38. Kd4 Bc8 39. h3 Kf6 40. g4 Kg6 41. Rc3 Bb7 42. Rc7 Ba8 43. Ra7 Bb7 44. Bb5 fxg4 45. hxg4 f5 46. Bc6 Bxc6 47. dxc6 Rxb6 48. Kd5 Rb2 49. gxf5+ Kxf5 50. Ra4 e3 51. c7 1-0

[Event "HUN-chT2 Charousek 1516"]
[Site "Hungary"]
[Date "2016.04.03"]
[Round "8.11"]
[White "Bator, Balazs"]
[Black "Egri, Laszlo Jr"]
[Result "0-1"]
[WhiteElo "1992"]
[BlackElo "2254"]
[PlyCount "116"]
[EventDate "2015.10.18"]
[EventType "team-tourn"]
[EventRounds "9"]
[EventCountry "HUN"]
[SourceTitle "EXT 2017"]
[Source "ChessBase"]
[SourceDate "2016.10.25"]
[SourceVersion "1"]
[SourceVersionDate "2016.10.25"]
[SourceQuality "1"]
[WhiteTeam "Komlo"]
[BlackTeam "Haladas II"]
[WhiteTeamCountry "HUN"]
[BlackTeamCountry "HUN"]

1. e4 c5 2. Nf3 e6 3. d4 cxd4 4. Nxd4 a6 5. Nc3 Qc7 6. Bd3 Nf6 7. 0-0 Bc5 8. Nb3 Be7 9. f4 d6 10. Qe2 Nbd7 11. Be3 b5 12. a4 b4 13. Nd1 Bb7 14. Nf2 0-0 15. g4 d5 16. e5 Ne4 17. Bd4 Ndc5 18. Nxc5 Bxc5 19. Qe3 Rac8 20. Rac1 Rfd8 21. Rfe1 Bxd4 22. Qxd4 Qc5 23. Qxc5 Nxc5 24. b3 Nxd3 25. Nxd3 a5 26. f5 Rc3 27. fxe6 fxe6 28. Nf4 Kf7 29. Ne2 Re3 30. Nd4 Re4 31. Rxe4 dxe4 32. Nb5 Kg6 33. Nd6 Bd5 34. Re1 Rd7 35. Nxe4 Rc7 36. Re2 Bxe4 37. Rxe4 Rxc2 38. Re3 Kg5 39. Rh3 h6 40. Rf3 Re2 41. Rf7 Kg6 42. Ra7 Rxe5 43. Kf2 Kf6 44. Kf3 g6 45. h4 Rc5 46. Kf4 g5+ 47. hxg5+ hxg5+ 48. Ke4 Rc3 49. Rxa5 Rxb3 50. Rb5 Rg3 51. a5 b3 52. a6 Rxg4+ 53. Kd3 Ra4 54. Rb6 g4 55. Kc3 Kf5 56. Kxb3 Ra1 57. Rb5+ e5 58. Rb6 Rb1+ 0-1

[Event "HUN-chT2 Asztalos 1516"]
[Site "Hungary"]
[Date "2015.09.13"]
[Round "1.8"]
[White "Pais, Nimrod"]
[Black "Bator, Balazs"]
[Result "1-0"]
[WhiteElo "2003"]
[BlackElo "1972"]
[PlyCount "81"]
[EventDate "2015.09.13"]
[EventType "team-tourn"]
[EventRounds "11"]
[EventCountry "HUN"]
[SourceTitle "CBM 170 Extra"]
[Source "ChessBase"]
[SourceDate "2016.02.25"]
[SourceVersion "1"]
[SourceVersionDate "2016.02.25"]
[SourceQuality "1"]
[WhiteTeam "Fehervar"]
[BlackTeam "Komlo Banyasz"]
[WhiteTeamCountry "HUN"]
[BlackTeamCountry "HUN"]

1. e4 c5 2. Nf3 Nc6 3. d4 cxd4 4. Nxd4 Nf6 5. Nc3 e5 6. Ndb5 d6 7. Bg5 a6 8. Na3 b5 9. Nd5 Be7 10. Nxe7 Qxe7 11. Bd3 Nd4 12. c3 Ne6 13. Bh4 Nf4 14. 0-0 Rg8 15. Bg5 Ne6 16. Bxf6 gxf6 17. Nc2 Nf4 18. g3 Bh3 19. Ne3 Nxd3 20. Qxd3 Bxf1 21. Rxf1 Qe6 22. Rd1 Rd8 23. a4 Qb3 24. axb5 Qxb5 25. Qxb5+ axb5 26. Nd5 Rg6 27. Nc7+ Kd7 28. Nxb5 Kc6 29. c4 f5 30. exf5 Rg5 31. Rd5 Rg4 32. b3 Re4 33. Kf1 h5 34. h3 h4 35. g4 f6 36. Na7+ Kb6 37. Nb5 Kc6 38. Nc3 Rd4 39. Rb5 Ra8 40. Nd5 Ra2 41. Nb4+ 1-0

[Event "HUN-chT2 Asztalos 1213"]
[Site "Hungary"]
[Date "2012.11.04"]
[Round "3.10"]
[White "Hedl, Zoltan"]
[Black "Bator, Balazs"]
[Result "1/2-1/2"]
[WhiteElo "1928"]
[BlackElo "1972"]
[PlyCount "72"]
[EventDate "2012.09.16"]
[EventType "team-tourn"]
[EventRounds "9"]
[EventCountry "HUN"]
[SourceTitle "EXT 2014"]
[Source "ChessBase"]
[SourceDate "2013.11.20"]
[SourceVersion "1"]
[SourceVersionDate "2013.11.20"]
[SourceQuality "1"]
[WhiteTeam "Baja"]
[BlackTeam "Komlo"]
[WhiteTeamCountry "HUN"]
[BlackTeamCountry "HUN"]

1. f4 d5 2. Nf3 Nc6 3. d4 Nf6 4. e3 Bg4 5. Be2 Bxf3 6. Bxf3 e6 7. a3 Bd6 8. Nc3 Ne7 9. e4 dxe4 10. Nxe4 Nxe4 11. Bxe4 c6 12. 0-0 Qb6 13. c4 Rd8 14. b4 Bb8 15. Bb2 a5 16. Bc3 Ba7 17. Kh1 Qc7 18. bxa5 0-0 19. Ra2 f5 20. Bb1 c5 21. Qe1 cxd4 22. Qxe6+ Kh8 23. Bb4 Bc5 24. Re2 d3 25. Bxd3 Rxd3 26. Bxc5 Qxc5 27. Qxe7 Qxe7 28. Rxe7 Rxa3 29. Rxb7 Rxa5 30. Rc7 h6 31. Rc1 Rd8 32. c5 Ra4 33. c6 Rc4 34. Re1 Rd6 35. Kg1 Rcxc6 36. Rxc6 Rxc6 1/2-1/2

[Event "HUN-chT2 Asztalos 1011"]
[Site "Hungary"]
[Date "2010.11.21"]
[Round "6.9"]
[White "Balazs, Andras1111"]
[Black "Bator, Balazs"]
[Result "1-0"]
[WhiteElo "1912"]
[BlackElo "1976"]
[PlyCount "116"]
[EventDate "2010.09.12"]
[EventType "team-tourn"]
[EventRounds "11"]
[EventCountry "HUN"]
[SourceTitle "EXT 2012"]
[Source "ChessBase"]
[SourceDate "2011.11.24"]
[SourceVersion "1"]
[SourceVersionDate "2011.11.24"]
[SourceQuality "1"]
[WhiteTeam "Mohacs"]
[BlackTeam "Komlo"]
[WhiteTeamCountry "HUN"]
[BlackTeamCountry "HUN"]

1. d4 Nf6 2. c4 e6 3. Nc3 d5 4. Bf4 Bb4 5. e3 0-0 6. Nf3 Ne4 7. Qc2 Nd7 8. cxd5 exd5 9. Bd3 f5 10. 0-0 Bxc3 11. bxc3 Ndf6 12. c4 c6 13. Ne5 Nh5 14. Bg3 g5 15. Qe2 Qe8 16. Bxe4 dxe4 17. f4 Nxg3 18. hxg3 Qe7 19. Qh5 g4 20. Rae1 Bd7 21. Kf2 Be8 22. Qh4 Qg7 23. Rh1 a5 24. Qh6 Rf6 25. Qxg7+ Kxg7 26. c5 Bf7 27. Re2 Be6 28. Rb1 Ra7 29. Reb2 Bc8 30. Nc4 Kg6 31. Nd6 Be6 32. Nxb7 a4 33. a3 Bb3 34. Nd6 Rf8 35. Ke2 h5 36. Kd2 Rh8 37. Rh1 Rah7 38. Rh4 Rd7 39. Kc3 Rdd8 40. Nc4 Bxc4 41. Kxc4 Rb8 42. Rb6 Rhc8 43. Rh1 Ra8 44. d5 Rab8 45. d6 Ra8 46. Rhb1 Kf6 47. Rb7 Rh8 48. Re7 h4 49. gxh4 Rxh4 50. Rc7 Rh2 51. Rxc6 Rxg2 52. Rd1 Rc2+ 53. Kd5 Rd8 54. Ra6 Rc3 55. Rxa4 Rxe3 56. c6 g3 57. c7 Rg8 58. d7 g2 1-0

[Event "HUN-chT2 Asztalos 1011"]
[Site "Hungary"]
[Date "2010.10.24"]
[Round "4.10"]
[White "Bator, Balazs"]
[Black "Molnar, Ferenc"]
[Result "1-0"]
[WhiteElo "1976"]
[BlackElo "1809"]
[PlyCount "59"]
[EventDate "2010.09.12"]
[EventType "team-tourn"]
[EventRounds "11"]
[EventCountry "HUN"]
[SourceTitle "EXT 2012"]
[Source "ChessBase"]
[SourceDate "2011.11.24"]
[SourceVersion "1"]
[SourceVersionDate "2011.11.24"]
[SourceQuality "1"]
[WhiteTeam "Komlo"]
[BlackTeam "Dombovar"]
[WhiteTeamCountry "HUN"]
[BlackTeamCountry "HUN"]

1. e4 e5 2. Nf3 Nf6 3. Nc3 Nc6 4. Bb5 Bc5 5. d3 a6 6. Ba4 d5 7. Nxe5 0-0 8. Nxc6 bxc6 9. d4 Bb4 10. 0-0 Bb7 11. e5 Nd7 12. Qg4 f5 13. Qg3 a5 14. a3 Bxc3 15. Qxc3 Nb8 16. Qg3 Qe8 17. Re1 Qg6 18. Qxg6 hxg6 19. Bf4 Na6 20. e6 Rae8 21. e7 Rf7 22. Bg5 Nb8 23. c4 Ba6 24. cxd5 Bb5 25. Bb3 cxd5 26. Bxd5 c6 27. Bxf7+ Kxf7 28. a4 Bc4 29. Rac1 Bd5 30. Rc5 1-0

[Event "HUN-chT2 Asztalos 0910"]
[Site "Hungary"]
[Date "2010.02.14"]
[Round "6"]
[White "Bator, Balazs"]
[Black "Toth, Pal Daniel"]
[Result "1-0"]
[WhiteElo "1981"]
[BlackElo "1781"]
[PlyCount "117"]
[EventDate "2009.11.08"]
[EventType "team-tourn"]
[EventRounds "11"]
[EventCountry "HUN"]
[SourceTitle "EXT 2011"]
[Source "ChessBase"]
[SourceDate "2010.11.26"]
[SourceVersion "1"]
[SourceVersionDate "2010.11.26"]
[SourceQuality "1"]
[WhiteTeam "Komlo"]
[BlackTeam "Dombovar"]
[WhiteTeamCountry "HUN"]
[BlackTeamCountry "HUN"]

1. e4 e5 2. Nf3 Nc6 3. Bb5 d6 4. d4 exd4 5. Nxd4 Bd7 6. Bxc6 bxc6 7. 0-0 c5 8. Nf3 h6 9. Re1 Ne7 10. b3 Nc6 11. Bb2 Bg4 12. h3 Bh5 13. Qd5 Nb4 14. Qxh5 Nxc2 15. Re2 Nxa1 16. Bxa1 Qd7 17. Qd5 Rb8 18. Nbd2 Be7 19. Nf1 0-0 20. Ng3 Rfe8 21. Nf5 Bf8 22. Nh2 Qb5 23. Qd2 Re6 24. Ng4 f6 25. Re3 Rbe8 26. Rg3 Kf7 27. f3 c4 28. Nd4 Qb6 29. Ne3 Re5 30. Nxc4 Qc5 31. Nxe5+ dxe5 32. Kf1 exd4 33. Bxd4 Qb5+ 34. Qe2 Qxe2+ 35. Kxe2 Bd6 36. Rg4 h5 37. Rh4 Rh8 38. g4 g6 39. gxh5 g5 40. Rg4 Rxh5 41. Bxa7 Rxh3 42. Rg2 Rh1 43. Kd3 Ke6 44. Bd4 Rh3 45. Ke2 c6 46. a4 Bb4 47. Be3 Ke5 48. Rf2 Rh1 49. Kd3 Be1 50. Re2 Rf1 51. Kc4 Bh4 52. a5 Rxf3 53. a6 Rxe3 54. Rxe3 Bf2 55. Kd3 Kf4 56. a7 Bxe3 57. a8Q g4 58. Qxc6 Kf3 59. e5+ 1-0

[Event "HUN-chT2 Asztalos 0809"]
[Site "Hungary"]
[Date "2009.02.22"]
[Round "8"]
[White "Fath, Jozsef Jr"]
[Black "Bator, Balazs"]
[Result "1-0"]
[WhiteElo "1985"]
[BlackElo "1981"]
[PlyCount "105"]
[EventDate "2008.10.26"]
[EventType "team-tourn"]
[EventRounds "11"]
[EventCountry "HUN"]
[SourceTitle "EXT 2010"]
[Source "ChessBase"]
[SourceDate "2010.11.25"]
[SourceVersion "1"]
[SourceVersionDate "2010.11.25"]
[SourceQuality "1"]
[WhiteTeam "Dombovar"]
[BlackTeam "Komlo"]
[WhiteTeamCountry "HUN"]
[BlackTeamCountry "HUN"]

1. d4 Nf6 2. Bf4 e6 3. Nf3 d5 4. c3 Nbd7 5. h3 Be7 6. e3 0-0 7. Bd3 b6 8. Qc2 Bb7 9. g4 c5 10. Nbd2 c4 11. Be2 b5 12. Rg1 Ne4 13. Nxe4 dxe4 14. Nd2 f5 15. g5 g6 16. h4 Qe8 17. 0-0-0 Rc8 18. Rh1 Qd8 19. Rdg1 Bd5 20. h5 Qb6 21. hxg6 hxg6 22. Rh6 Kg7 23. Rgh1 Rh8 24. Rxh8 Rxh8 25. Rxh8 Kxh8 26. Qd1 Nf8 27. Qh1+ Kg7 28. Qh6+ Kf7 29. Be5 Qd8 30. Qg7+ Ke8 31. Bf6 a6 32. f3 Qc7 33. fxe4 fxe4 34. Bf1 b4 35. Qxe7+ Qxe7 36. Bxe7 Kxe7 37. cxb4 Nh7 38. Bxc4 Nxg5 39. Bxa6 Bxa2 40. b3 Nf3 41. Bc4 Nxd2 42. Kxd2 Bb1 43. Kc1 Bd3 44. Bxd3 exd3 45. Kd2 Kd6 46. Kxd3 Kc6 47. e4 g5 48. Ke3 Kb5 49. d5 exd5 50. exd5 Kb6 51. Ke4 Kc7 52. b5 g4 53. Kf4 1-0

[Event "HUN-chT2 Asztalos 0809"]
[Site "Hungary"]
[Date "2009.01.11"]
[Round "5"]
[White "Bator, Balazs"]
[Black "Vince, Andrea"]
[Result "0-1"]
[WhiteElo "1981"]
[BlackElo "2029"]
[PlyCount "90"]
[EventDate "2008.10.26"]
[EventType "team-tourn"]
[EventRounds "11"]
[EventCountry "HUN"]
[SourceTitle "EXT 2010"]
[Source "ChessBase"]
[SourceDate "2010.11.25"]
[SourceVersion "1"]
[SourceVersionDate "2010.11.25"]
[SourceQuality "1"]
[WhiteTeam "Komlo"]
[BlackTeam "Szekszard/Decs II"]
[WhiteTeamCountry "HUN"]
[BlackTeamCountry "HUN"]

1. e4 c5 2. Nf3 e6 3. d4 cxd4 4. Nxd4 a6 5. Nc3 Qc7 6. Bd3 Nf6 7. 0-0 Nc6 8. Nde2 b5 9. Bf4 d6 10. Qd2 Bb7 11. Bg5 Be7 12. Kh1 h6 13. Be3 Ng4 14. f4 Nxe3 15. Qxe3 Bf6 16. Rad1 Rc8 17. Bxb5 0-0 18. Bd3 Rfd8 19. f5 d5 20. Qh3 d4 21. Nb1 exf5 22. Qxf5 Ne5 23. Nf4 Bg5 24. Nd5 Bxd5 25. exd5 g6 26. Qe4 Be3 27. Na3 Kg7 28. Bxa6 f5 29. Qh4 Ra8 30. Nb5 Qc5 31. Bb7 Rab8 32. Nxd4 Bxd4 33. b4 Qb6 34. Rxd4 Rxb7 35. Re1 g5 36. Qf2 Ng4 37. Qd2 Rbd7 38. Re6 Qa7 39. Qc3 Kf7 40. Rc6 Qxa2 41. Qe1 Re8 42. Re6 Rde7 43. Qf1 Rxe6 44. dxe6+ Qxe6 45. Kg1 Qe3+ 0-1

[Event "HUN-chT2 Asztalos 0708"]
[Site "Hungary"]
[Date "2008.03.02"]
[Round "7"]
[White "Bator, Balazs"]
[Black "Vince, Viola"]
[Result "1-0"]
[WhiteElo "1864"]
[BlackElo "1839"]
[PlyCount "67"]
[EventDate "2007.10.14"]
[EventType "team"]
[EventRounds "11"]
[EventCountry "HUN"]
[SourceTitle "EXT 2009"]
[Source "ChessBase"]
[SourceDate "2008.11.26"]
[SourceVersion "1"]
[SourceVersionDate "2008.11.26"]
[SourceQuality "1"]
[WhiteTeam "Komlo Banyasz"]
[BlackTeam "Szekszard"]
[WhiteTeamCountry "HUN"]
[BlackTeamCountry "HUN"]

1. e4 c5 2. Nf3 e6 3. d4 cxd4 4. Nxd4 a6 5. Nc3 Qc7 6. Bd3 Nf6 7. 0-0 Nc6 8. Nxc6 dxc6 9. f4 e5 10. f5 h5 11. h3 Bc5+ 12. Kh1 b5 13. Qf3 Ng4 14. a4 b4 15. Ne2 Qa7 16. Ng3 Nf2+ 17. Kh2 Ng4+ 18. Kh1 Nf6 19. Bg5 h4 20. Bxf6 gxf6 21. Nh5 Ke7 22. Qg4 Bf2 23. Bc4 Qe3 24. Qg7 Rxh5 25. Qxf7+ Kd6 26. Qxh5 Bg3 27. Rad1+ Kc5 28. Bd3 a5 29. Qf7 Qg5 30. Qe7+ Kb6 31. c4 c5 32. Be2 Bb7 33. Rd6+ Bc6 34. Qd7 1-0